000 00667nam a2200229Ia 4500
003 OSt
005 20221005133607.0
006 a|||||r|||| 00| 0
007 ta
008 221004b |||||||| |||| 00| 0 mar d
024 _a112737
037 _cTextual
040 _aCRL
_cCRL
_bmar
041 _2mar
_amar
082 _aO44(Y72)x, 155P6
100 _aशेखावत, अर्जुन सिंह
245 0 _aभाखर रा भौमिया
246 _aBhākhar rā bhaumiyā
260 _c2006
942 _hO44(Y72)x, 155P6
_cTEXL
_2cc
999 _c1067307
_d1067307